000 00996nam a2200277 i 4500
001 12141
003 ES-MaACL
005 20230906150241.0
007 t|
008 970416s1995 sp ||||1| spa d
020 _a84-600-9130-9
080 _a371.215
100 1 _aCarnicero Duque, Paulino.
_935381
245 1 3 _aEl administrador del centro educativo /
_cPaulino Carnicero Duque, Joaquín Gairín Sallán.
250 _a1ª ed.
260 _aMadrid :
_bConsejo General de Colegios de Economistas de España :
_bMinisterio de Educación y Ciencia,
_c1995.
300 _a274 p. ;
_c29 cm.
490 1 _aEcos-M ;
_v5
650 1 4 _aCentros docentes-
_xAdministración.
_910885
700 1 _aGairín Sallán, Joaquín.
_953264
710 2 _aConsejo General de Colegios de Economistas de España (
_cMadrid)
_93212
710 1 _aEspaña.
_bMinisterio de Educación y Ciencia.
_93864
830 0 _aEcos-M ;
_v5
_9228252
852 _aES-MaACL
_jL-19408
_bR.124696
999 _c12141
_d12141